00584 2200217 4500001002100000005001500021008004100036020002100077035001900098041000700117082001000124090001600134100002000150700001600170700001800186245005100204250000600255260003900261300004500300650002100345INLIS00000000003203520241224133332241224||||||||| | ||| |||| || |  a978-623-0412-783 0010-1224032035 aid0 a741.5 a741.5 ANI c0 aAnisa Widiyarti0 aOrange Nira0 aNovalya Putri00aCerita sunnah sesuai waktu: sunnah petang hari a1 aJakartabBhuana Ilmu Populerc2023 a35 halaman.; ilustrasi berwarna.: 20 cm. 0acerita bergambar